000
00257 a2200097 4500
001
53492
100
_a
Emran Qureshi
245
_a
The New Crusades: Constructing the Muslim Enemy
260
_a
Karachi
_b
Oxford University press
_c
2003
090
_c
33674
_d
33674
942
_a
NUST-CAE
_c
M
_c
26307
999
_c
288565
_d
288565